Statistics for Coldest Countries in July

Click here to take the quiz!

General Stats

  • This quiz has been taken 21,666 times
  • The average score is 14 of 20

Answer Stats

° CAnswer° F% Correct
15.8Russia 60.4
93%
12.9Canada55.1
90%
12.2Norway 54.0
90%
6.0New Zealand 42.7
89%
15.1Sweden 59.2
89%
4.9Chile40.9
88%
8.2Argentina 46.8
87%
14.9Australia58.8
87%
9.2Iceland 48.6
87%
12.1South Africa 53.7
83%
15.1United Kingdom 59.2
76%
11.5Uruguay 52.6
74%
15.1Ireland 59.3
70%
6.1Lesotho 43.1
68%
14.8Namibia58.6
59%
15.0Botswana59.0
54%
12.4Bhutan 54.2
38%
15.6Switzerland 60.2
38%
15.9Kyrgyzstan60.6
27%
14.9Tajikistan58.8
26%

Score Distribution

Percentile by Number Answered

Percent of People with Each Score

Your Score History

You have not taken this quiz